[Event "Braunschweig Oker Cup"]
[Site "Braunschweig"]
[Date "2011.12.03"]
[Round "2"]
[White "Wolf, Felix"]
[Black "Gruender, Michael"]
[Result "0-1"]
[WhiteElo "1890"]
[BlackElo "2024"]
[PlyCount "104"]
[EventDate "2011.12.02"]
[EventType "swiss"]
[EventRounds "5"]
[EventCountry "GER"]
[SourceTitle "EXT 2013"]
[Source "ChessBase"]
[SourceDate "2012.11.22"]
[SourceVersion "1"]
[SourceVersionDate "2012.11.22"]
[SourceQuality "1"]

1. e4 c5 2. Nf3 Nc6 3. Bb5 Qb6 4. Qe2 Nf6 5. Nc3 e6 6. 0-0 Be7 7. Bc4 0-0 8. e5 Ne8 9. Ne4 f6 10. exf6 Nxf6 11. Neg5 h6 12. Nh3 d5 13. Bb3 Bd6 14. c3 Qc7 15. d4 cxd4 16. cxd4 Bd7 17. g3 Rae8 18. Nf4 Ne4 19. Nxd5 exd5 20. Bxd5+ Kh8 21. Bxe4 Bg4 22. Qc2 Bxf3 23. Bxf3 Nxd4 24. Qxc7 Nxf3+ 25. Kg2 Bxc7 26. Be3 b6 27. Rfd1 Ne5 28. Rac1 Bb8 29. Bf4 Rd8 30. Rxd8 Rxd8 31. Rc3 Ng6 32. Bxb8 Rxb8 33. a4 a5 34. b4 axb4 35. Rb3 Ne7 36. Rxb4 Nc6 37. Rc4 Na5 38. Rb4 Kg8 39. Kf3 Kf7 40. Ke4 Ke6 41. f4 Kd6 42. Kf5 Nc6 43. Rb5 Nd4+ 44. Kg6 Nxb5 45. axb5 Rb7 46. f5 Ke5 47. g4 Kf4 48. h3 Kg3 49. g5 hxg5 50. Kxg5 Kxh3 51. f6 gxf6+ 52. Kxf6 Rc7 0-1

[Event "Karl Mala Memorial op 14th"]
[Site "Frankfurt"]
[Date "2011.07.09"]
[Round "4"]
[White "Wolf, Felix"]
[Black "Zweschper, Erich"]
[Result "1/2-1/2"]
[WhiteElo "1845"]
[BlackElo "2194"]
[PlyCount "82"]
[EventDate "2011.07.07"]
[EventType "swiss"]
[EventRounds "7"]
[EventCountry "GER"]
[SourceTitle "EXT 2012"]
[Source "ChessBase"]
[SourceDate "2011.11.24"]
[SourceVersion "1"]
[SourceVersionDate "2011.11.24"]
[SourceQuality "1"]

1. e4 d6 2. d4 Nf6 3. Nc3 Nbd7 4. f4 e5 5. Nf3 exd4 6. Nxd4 Nc5 7. Bd3 Be7 8. h3 0-0 9. 0-0 c6 10. Be3 Qc7 11. Qd2 Re8 12. Nb3 Nxd3 13. cxd3 a5 14. a4 Bf8 15. Rac1 Qe7 16. Rfe1 Qd8 17. Qf2 c5 18. Qc2 Bd7 19. d4 b6 20. Nd2 Bc6 21. d5 Bb7 22. Nc4 Ba6 23. b3 Nd7 24. Bf2 Rb8 25. Na3 g5 26. fxg5 Qxg5 27. Re3 Bg7 28. Rg3 Qf6 29. Re1 Re5 30. Ree3 Rg5 31. Rgf3 Qh6 32. Bg3 Rg6 33. Ncb5 Bxb5 34. Nxb5 Ne5 35. Bxe5 Bxe5 36. Kf1 Qg7 37. Qf2 h5 38. Na7 Re8 39. Nc6 Bf6 40. Re2 h4 41. Rf5 Bg5 1/2-1/2

[Event "Karl Mala Memorial op 14th"]
[Site "Frankfurt"]
[Date "2011.07.08"]
[Round "2"]
[White "Fischer, Lutz"]
[Black "Wolf, Felix"]
[Result "1/2-1/2"]
[WhiteElo "1481"]
[BlackElo "1845"]
[PlyCount "50"]
[EventDate "2011.07.07"]
[EventType "swiss"]
[EventRounds "7"]
[EventCountry "GER"]
[SourceTitle "EXT 2012"]
[Source "ChessBase"]
[SourceDate "2011.11.24"]
[SourceVersion "1"]
[SourceVersionDate "2011.11.24"]
[SourceQuality "1"]

1. e4 c5 2. Nf3 d6 3. Bb5+ Bd7 4. Bxd7+ Qxd7 5. c4 Nc6 6. 0-0 g6 7. Nc3 Bg7 8. d3 e6 9. Bf4 a6 10. Re1 Nge7 11. Qd2 h6 12. Rab1 g5 13. Bg3 Ng6 14. h3 Nd4 15. Nxd4 Bxd4 16. Ne2 e5 17. Kh1 0-0-0 18. b4 Nf4 19. bxc5 dxc5 20. Rb6 Bxf2 21. Bxf2 Nxd3 22. Qe3 Nxe1 23. Bxe1 Qc7 24. Ba5 Qe7 25. Nc3 Rd4 1/2-1/2

[Event "Karl Mala Memorial op 11th"]
[Site "Frankfurt"]
[Date "2008.06.27"]
[Round "3"]
[White "Wolf, Felix"]
[Black "Reschke, Thomas"]
[Result "0-1"]
[WhiteElo "1398"]
[BlackElo "2226"]
[PlyCount "38"]
[EventDate "2008.06.26"]
[EventType "swiss"]
[EventRounds "7"]
[EventCountry "GER"]
[SourceTitle "CBM 125 Extra"]
[Source "ChessBase"]
[SourceDate "2008.09.01"]
[SourceVersion "1"]
[SourceVersionDate "2008.09.01"]
[SourceQuality "1"]

1. d4 g6 2. Nf3 Bg7 3. e4 c6 4. Nc3 d5 5. Be3 dxe4 6. Nxe4 Nd7 7. c3 Ndf6 8. Bd3 Nxe4 9. Bxe4 Nf6 10. Bd3 0-0 11. 0-0 Bg4 12. Be2 Qb6 13. Bc1 Rad8 14. Nd2 Be6 15. Nc4 Bxc4 16. Bxc4 e5 17. Qb3 exd4 18. Qxb6 axb6 19. Bd2 Ne4 0-1

[Event "Niedersachsen-ch U12"]
[Site "Rotenburg"]
[Date "2008.03.18"]
[Round "7"]
[White "Vonhoff, Nils"]
[Black "Wolf, Felix"]
[Result "1/2-1/2"]
[WhiteElo "1199"]
[BlackElo "1279"]
[PlyCount "26"]
[EventDate "2008.03.15"]
[EventType "swiss"]
[EventRounds "11"]
[EventCountry "GER"]
[SourceTitle "EXT 2009"]
[Source "ChessBase"]
[SourceDate "2008.11.26"]
[SourceVersion "1"]
[SourceVersionDate "2008.11.26"]
[SourceQuality "1"]

1. e4 c5 2. Nf3 Nc6 3. d4 cxd4 4. Nxd4 Nf6 5. Nc3 e6 6. Be3 a6 7. a3 Be7 8. Bc4 Qc7 9. Bb3 d6 10. 0-0 Bd7 11. f3 Rc8 12. Qd2 Ne5 13. Rac1 Ng6 1/2-1/2

[Event "Niedersachsen-ch U12"]
[Site "Rotenburg"]
[Date "2008.03.18"]
[Round "8"]
[White "Wolf, Felix"]
[Black "Pueschel, Torben"]
[Result "1/2-1/2"]
[WhiteElo "1279"]
[BlackElo "990"]
[PlyCount "66"]
[EventDate "2008.03.15"]
[EventType "swiss"]
[EventRounds "11"]
[EventCountry "GER"]
[SourceTitle "EXT 2009"]
[Source "ChessBase"]
[SourceDate "2008.11.26"]
[SourceVersion "1"]
[SourceVersionDate "2008.11.26"]
[SourceQuality "1"]

1. d4 d5 2. Bf4 Bf5 3. Nf3 Nc6 4. e3 Nf6 5. Nbd2 e6 6. c3 Be7 7. h3 0-0 8. Nb3 Ne4 9. Bd3 Re8 10. Bc2 Bh4 11. Bxe4 Bxe4 12. Nc5 b6 13. Nxe4 dxe4 14. Nxh4 Qxh4 15. Bxc7 Qg5 16. Bg3 Red8 17. Qc2 f5 18. Qb3 Re8 19. Rd1 Na5 20. Qc2 Nc4 21. Qe2 Rac8 22. Rc1 h5 23. Rg1 a5 24. a4 Qe7 25. b3 Qa3 26. Rb1 Nd6 27. Bxd6 Qxd6 28. Qxh5 Rf8 29. c4 f4 30. Qe2 f3 31. Qc2 Qh2 32. Kd2 fxg2 33. Qxe4 Rxf2+ 1/2-1/2

[Event "Hannover-ch U12"]
[Site "Bueckeburg"]
[Date "2007.11.03"]
[Round "6"]
[White "Gayday, Alina"]
[Black "Wolf, Felix"]
[Result "0-1"]
[WhiteElo "1071"]
[BlackElo "1265"]
[PlyCount "138"]
[EventDate "2007.11.01"]
[EventType "swiss"]
[EventRounds "7"]
[EventCountry "GER"]
[SourceTitle "EXT 2021"]
[Source "ChessBase"]
[SourceDate "2020.10.23"]
[SourceVersion "1"]
[SourceVersionDate "2020.10.23"]
[SourceQuality "1"]

1. e4 e5 2. Nc3 Nf6 3. Bc4 Bc5 4. d3 d6 5. Bg5 Nbd7 6. Nd5 c6 7. Nxf6+ Nxf6 8. Nf3 Qb6 9. Rb1 Qc7 10. h3 Qe7 11. 0-0 Be6 12. Nd2 h6 13. Bh4 Qd7 14. Kh2 Rg8 15. f4 Be3 16. f5 Bxc4 17. Nxc4 Bc5 18. b4 Bb6 19. Nxb6 axb6 20. Rb2 d5 21. Bg3 Qe7 22. Qf3 d4 23. Ra1 Ra3 24. b5 c5 25. Rb3 Ra4 26. Bh4 Kd7 27. Qg3 Kd6 28. c3 g5 29. fxg6 Rxg6 30. Qf3 Qe6 31. Qf1 Kd7 32. cxd4 Rxd4 33. a4 Qxb3 34. Bf2 Rxa4 35. Rxa4 Qxa4 36. Bg3 Qd4 37. Qf5+ Ke7 38. Bxe5 Qd7 39. Qf3 Qe6 40. Bf4 Nd7 41. g4 Rf6 42. Kg3 Ne5 43. Qe2 Rg6 44. Kh2 Qf6 45. Qe3 Nxd3 46. Bxh6 Qf2+ 47. Qxf2 Nxf2 48. Bc1 Nxe4 49. Kg2 Nd6 50. Kf3 Nxb5 51. Ke4 Nd6+ 52. Kd5 f5 53. gxf5 Nxf5 54. Kc4 Rg3 55. Kb5 Rxh3 56. Kxb6 c4 57. Kc5 c3 58. Kc4 c2 59. Kb4 Nd4 60. Kc4 Ne2 61. Bb2 c1Q+ 62. Bxc1 Nxc1 63. Kd4 Kd6 64. Ke4 Nb3 65. Kf5 Nc5 66. Kf6 Rh5 67. Kg6 Re5 68. Kf6 Nd7+ 69. Kg6 b5 0-1

[Event "Hannover-ch U12"]
[Site "Bueckeburg"]
[Date "2007.11.01"]
[Round "2"]
[White "Beyer, Maximilian"]
[Black "Wolf, Felix"]
[Result "0-1"]
[WhiteElo "798"]
[BlackElo "1265"]
[PlyCount "54"]
[EventDate "2007.11.01"]
[EventType "swiss"]
[EventRounds "7"]
[EventCountry "GER"]
[SourceTitle "EXT 2021"]
[Source "ChessBase"]
[SourceDate "2020.10.23"]
[SourceVersion "1"]
[SourceVersionDate "2020.10.23"]
[SourceQuality "1"]

1. e4 e5 2. Nf3 Nc6 3. Nc3 Nf6 4. Bc4 Nxe4 5. Nxe4 d5 6. Bd3 dxe4 7. Bxe4 Bc5 8. 0-0 0-0 9. d3 Nd4 10. Ng5 g6 11. c3 Nf5 12. Bxf5 Bxf5 13. Qa4 f6 14. Nf3 Qxd3 15. Bh6 Rf7 16. Rad1 Qa6 17. Qb3 Be6 18. Qc2 Bf8 19. Rd3 Bxh6 20. Rfd1 Raf8 21. Rd7 Bxd7 22. Qb3 Ba4 23. Qd5 Bxd1 24. Qxd1 Qxa2 25. h3 Qxb2 26. Qe1 Qc1 27. Qxc1 Bxc1 0-1

[Event "Niedersachsen-chT U12"]
[Site "Stade"]
[Date "2007.05.20"]
[Round "7.1"]
[White "Bounine, Daniel"]
[Black "Wolf, Felix"]
[Result "1-0"]
[WhiteElo "1362"]
[BlackElo "1057"]
[PlyCount "53"]
[EventDate "2007.05.17"]
[EventType "team-tourn"]
[EventRounds "7"]
[EventCountry "GER"]
[SourceTitle "EXT 2008"]
[Source "ChessBase"]
[SourceDate "2007.11.25"]
[SourceVersion "1"]
[SourceVersionDate "2007.11.25"]
[SourceQuality "1"]

1. e4 c5 2. Nf3 Nc6 3. d4 cxd4 4. Nxd4 e5 5. Nb5 d6 6. N1c3 a6 7. Na3 Be6 8. Nd5 Nge7 9. Bc4 Bxd5 10. Bxd5 Nxd5 11. Qxd5 Qa5+ 12. Qxa5 Nxa5 13. c3 Be7 14. Be3 Nc6 15. Rd1 0-0-0 16. Ke2 Rd7 17. Rd5 Bd8 18. Rhd1 Bc7 19. Nc4 Rhd8 20. Nb6+ Bxb6 21. Bxb6 Ne7 22. R5d2 Rf8 23. Rxd6 Rxd6 24. Rxd6 f6 25. Bc5 f5 26. Re6 Kd7 27. Rxe7+ 1-0

[Event "Niedersachsen-chT U12"]
[Site "Stade"]
[Date "2007.05.19"]
[Round "6.1"]
[White "Wolf, Felix"]
[Black "Naasner, Hendrik"]
[Result "1-0"]
[WhiteElo "1057"]
[BlackElo "822"]
[PlyCount "53"]
[EventDate "2007.05.17"]
[EventType "team-tourn"]
[EventRounds "7"]
[EventCountry "GER"]
[SourceTitle "EXT 2008"]
[Source "ChessBase"]
[SourceDate "2007.11.25"]
[SourceVersion "1"]
[SourceVersionDate "2007.11.25"]
[SourceQuality "1"]

1. d4 d5 2. Nc3 e6 3. Bf4 Bb4 4. e3 a6 5. Nge2 Nf6 6. a3 Bxc3+ 7. Nxc3 0-0 8. Bd3 h6 9. Qd2 Nc6 10. 0-0-0 Re8 11. Rdg1 e5 12. dxe5 Nxe5 13. Bxe5 Rxe5 14. f4 Re8 15. h3 d4 16. exd4 Qxd4 17. g4 Qe3 18. g5 Nh5 19. gxh6 Nxf4 20. Rxg7+ Kf8 21. Rhg1 Rd8 22. Rg8+ Ke7 23. Qxe3+ Ne6 24. Rxd8 Kxd8 25. Bf5 Ke7 26. Nd5+ Ke8 27. Nxc7+ 1-0

[Event "Niedersachsen-ch U12"]
[Site "Rotenburg/Wuemme"]
[Date "2007.04.06"]
[Round "11"]
[White "Thielen, Laurens"]
[Black "Wolf, Felix"]
[Result "1-0"]
[WhiteElo "1106"]
[BlackElo "1088"]
[PlyCount "41"]
[EventDate "2007.03.31"]
[EventType "swiss"]
[EventRounds "11"]
[EventCountry "GER"]
[SourceTitle "EXT 2008"]
[Source "ChessBase"]
[SourceDate "2007.11.25"]
[SourceVersion "1"]
[SourceVersionDate "2007.11.25"]
[SourceQuality "1"]

1. e4 d5 2. exd5 Qxd5 3. Nc3 Qa5 4. Bc4 Nf6 5. d4 c6 6. Bd2 Qc7 7. Nf3 Bf5 8. Qe2 Bxc2 9. 0-0 e6 10. Bg5 Bg6 11. Bxf6 gxf6 12. Rfe1 Be7 13. Rad1 Qd6 14. h3 Nd7 15. d5 cxd5 16. Nb5 Qc5 17. Bxd5 Kf8 18. Bxe6 fxe6 19. Rxd7 e5 20. Nc7 Rc8 21. Ne6+ 1-0

[Event "Niedersachsen-ch U12"]
[Site "Rotenburg/Wuemme"]
[Date "2007.04.05"]
[Round "10"]
[White "Wolf, Felix"]
[Black "Heitmann, Jannik"]
[Result "1/2-1/2"]
[WhiteElo "1088"]
[BlackElo "1091"]
[PlyCount "43"]
[EventDate "2007.03.31"]
[EventType "swiss"]
[EventRounds "11"]
[EventCountry "GER"]
[SourceTitle "EXT 2008"]
[Source "ChessBase"]
[SourceDate "2007.11.25"]
[SourceVersion "1"]
[SourceVersionDate "2007.11.25"]
[SourceQuality "1"]

1. d4 d5 2. c4 e6 3. Nc3 Nf6 4. Nf3 c6 5. e3 Nbd7 6. Bd3 dxc4 7. Bxc4 c5 8. 0-0 cxd4 9. Nxd4 Be7 10. b3 0-0 11. Bb2 b6 12. Bd3 Bb7 13. f3 Bc5 14. Nce2 Qe7 15. Bc2 Rfd8 16. Qe1 Rac8 17. Rc1 Qe8 18. Qf2 Nf8 19. Qg3 Ng6 20. Bxg6 hxg6 21. Kh1 Nh5 22. Qf2 1/2-1/2

[Event "Niedersachsen-ch U12"]
[Site "Rotenburg/Wuemme"]
[Date "2007.04.03"]
[Round "5"]
[White "Wolf, Felix"]
[Black "Hellwig, Immo"]
[Result "0-1"]
[WhiteElo "1088"]
[BlackElo "1124"]
[PlyCount "86"]
[EventDate "2007.03.31"]
[EventType "swiss"]
[EventRounds "11"]
[EventCountry "GER"]
[SourceTitle "EXT 2008"]
[Source "ChessBase"]
[SourceDate "2007.11.25"]
[SourceVersion "1"]
[SourceVersionDate "2007.11.25"]
[SourceQuality "1"]

1. d4 d5 2. Nc3 e6 3. Bf4 c6 4. f3 f5 5. e3 Nf6 6. Bd3 Be7 7. Qd2 0-0 8. h4 Nh5 9. Be5 Nd7 10. Bh2 Bxh4+ 11. Ke2 Ng3+ 12. Bxg3 Bxg3 13. f4 Bh4 14. Nf3 Be7 15. Rh2 Nf6 16. Rah1 c5 17. b3 cxd4 18. exd4 g6 19. Ng5 Nh5 20. Nd1 Ng3+ 21. Kf2 Nxh1+ 22. Rxh1 Bd7 23. Nxh7 Rf7 24. Ng5 Bxg5 25. fxg5 Rh7 26. Rxh7 Kxh7 27. Qf4 Kg7 28. Qh4 Qh8 29. Qf4 Kf7 30. g4 Qh4+ 31. Qg3 Qxg3+ 32. Kxg3 Rc8 33. c3 a6 34. a4 b5 35. a5 Kg7 36. gxf5 exf5 37. b4 Re8 38. Kf4 Re1 39. Bc2 Rf1+ 40. Kg3 Rg1+ 41. Kf4 Rg4+ 42. Ke5 Rxg5 43. Kxd5 f4+ 0-1

[Event "Hannover-ch U12"]
[Site "Lehrte"]
[Date "2006.10.16"]
[Round "6"]
[White "Kopanski, Lorenz"]
[Black "Wolf, Felix"]
[Result "1/2-1/2"]
[WhiteElo "980"]
[BlackElo "1065"]
[PlyCount "87"]
[EventDate "2006.10.14"]
[EventType "swiss"]
[EventRounds "7"]
[EventCountry "GER"]
[SourceTitle "EXT 2021"]
[Source "ChessBase"]
[SourceDate "2020.10.23"]
[SourceVersion "1"]
[SourceVersionDate "2020.10.23"]
[SourceQuality "1"]

1. d4 d5 2. Nf3 c5 3. c3 cxd4 4. cxd4 Nc6 5. e3 Bf5 6. Bd3 Bxd3 7. Qxd3 e6 8. 0-0 Bd6 9. Nbd2 Qc7 10. Re1 Nb4 11. Qb5+ Qc6 12. Qxc6+ Nxc6 13. e4 dxe4 14. Nxe4 Bc7 15. Bg5 f6 16. Be3 Nge7 17. Nc5 Kf7 18. b3 b6 19. Nd3 Rhe8 20. Bf4 Bxf4 21. Nxf4 Rad8 22. Nxe6 Rd6 23. Nc7 Red8 24. Nb5 R6d7 25. Rad1 a6 26. Nc3 Nxd4 27. Nxd4 Rxd4 28. Rxd4 Rxd4 29. h3 b5 30. Ra1 Nd5 31. Nxd5 Rxd5 32. a4 bxa4 33. Rxa4 Rd6 34. Kh2 Rb6 35. b4 Ke6 36. Kg3 g6 37. Kf4 h6 38. Ke4 Rd6 39. g4 g5 40. f4 Rc6 41. f5+ Kd6 42. Kd4 Rb6 43. Kc4 Rc6+ 44. Kd4 1/2-1/2

[Event "Hannover-ch U12"]
[Site "Lehrte"]
[Date "2006.10.15"]
[Round "3"]
[White "Wolf, Felix"]
[Black "Manusina, Nicole"]
[Result "0-1"]
[WhiteElo "1065"]
[BlackElo "1127"]
[PlyCount "54"]
[EventDate "2006.10.14"]
[EventType "swiss"]
[EventRounds "7"]
[EventCountry "GER"]
[SourceTitle "EXT 2021"]
[Source "ChessBase"]
[SourceDate "2020.10.23"]
[SourceVersion "1"]
[SourceVersionDate "2020.10.23"]
[SourceQuality "1"]

1. e4 d5 2. exd5 Qxd5 3. Nc3 Qa5 4. Nf3 Nf6 5. d3 c6 6. Bd2 Qc7 7. Qe2 Bf5 8. 0-0-0 Nbd7 9. g3 0-0-0 10. Ng5 Bg6 11. Nf3 e5 12. Re1 Bd6 13. Bh3 Kb8 14. Bg2 Nd5 15. Nxd5 cxd5 16. Nh4 Rc8 17. c3 d4 18. Nxg6 hxg6 19. Kb1 Qb6 20. Qd1 dxc3 21. Bxc3 Rxc3 22. Ka1 Rc5 23. Qa4 Qb5 24. Qe4 Rc2 25. b3 Nf6 26. Qf3 e4 27. dxe4 Qe5+ 0-1

[Event "Niedersachsen-ch U10"]
[Site "Rotenburg/Wuemme"]
[Date "2006.04.09"]
[Round "3"]
[White "Wolf, Felix"]
[Black "Schoenfeld, Valentin"]
[Result "1-0"]
[WhiteElo "1005"]
[BlackElo "952"]
[PlyCount "32"]
[EventDate "2006.04.08"]
[EventType "swiss"]
[EventRounds "11"]
[EventCountry "GER"]
[SourceTitle "EXT 2007"]
[Source "ChessBase"]
[SourceDate "2006.11.23"]
[SourceVersion "1"]
[SourceVersionDate "2006.11.23"]
[SourceQuality "1"]

1. e4 e5 2. Nf3 Nc6 3. Bc4 Bc5 4. Nc3 Nf6 5. d3 0-0 6. 0-0 d6 7. Be3 Bxe3 8. fxe3 Bg4 9. Qd2 Bxf3 10. Rxf3 Na5 11. Nd5 Nxc4 12. dxc4 Nxd5 13. exd5 a6 14. Rb1 b5 15. cxb5 axb5 16. a3 Rb8 1-0